[Event "TCh-SRB Premier Women"]
[Site "Valjevo SRB"]
[Date "2011.09.02"]
[Round "7.2"]
[White "Dembo,Y"]
[Black "Dejanovic,Ivana"]
[Result "1-0"]
[WhiteElo "2471"]
[BlackElo "1446"]

1.e4 g6 2.d4 Bg7 3.Nc3 c6 4.Be3 d5 5.Qd2 Nf6 6.e5 Nfd7 7.Bh6 O-O 8.h4 f6
9.h5 g5 10.Bxg7 Kxg7 11.h6+ Kh8 12.exf6 exf6 13.O-O-O Re8 14.f4 gxf4 15.Qxf4 Qe7
16.Kb1 Rg8 17.Nf3 Nf8 18.Re1 Ne6 19.Qe3 Qf7 20.Bd3 Na6 21.Rhf1 Rf8 22.g4 Bd7
23.Ne5 Qe7 24.Nxd7 Qxd7 25.Qxe6 Qxe6 26.Rxe6 Rac8 27.Rfxf6  1-0

[Event "10th Izmir Open"]
[Site "Izmir TUR"]
[Date "2011.09.03"]
[Round "4"]
[White "Rzayev,A"]
[Black "Shanava,K"]
[Result "0-1"]
[WhiteElo "2087"]
[BlackElo "2562"]

1.e4 g6 2.d4 Bg7 3.Nc3 c6 4.Bc4 d6 5.Nf3 Nf6 6.e5 dxe5 7.Nxe5 O-O 8.Be3 Nbd7
9.Nxd7 Qxd7 10.h3 b5 11.Bd3 b4 12.Ne4 Nd5 13.Qd2 f5 14.Nc5 Qd6 15.g3 Nxe3
16.fxe3 Qxg3+ 17.Qf2 Qxf2+ 18.Kxf2 e5 19.Bc4+ Kh8 20.c3 Rb8 21.Rab1 f4 22.dxe5 fxe3+
23.Kxe3 Bxe5 24.cxb4 Bf4+ 25.Ke2 Rxb4 26.b3 Bd6 27.Nd3 Rb7 28.h4 Bf5 29.Rbf1 Rd7
30.Kd2 Re8 31.Kc3 Re3 32.Re1 Be5+ 33.Kb4 Rdxd3 34.Bxd3 Bd6+ 35.Kc4 Bxd3+
36.Kd4 Rf3 37.Re6 Bg3 38.Rxc6 Bf2+ 39.Ke5 Kg7 40.h5 Rf5+ 41.Ke6 Rf6+  0-1

[Event "TCh-POL Ekstraliga"]
[Site "Miedzybrodzie-Zywiec POL"]
[Date "2011.09.03"]
[Round "5.3"]
[White "Korosciel,A"]
[Black "Kadziolka,B"]
[Result "0-1"]
[WhiteElo "2056"]
[BlackElo "2272"]

1.e4 g6 2.d4 Bg7 3.Nc3 c6 4.Nf3 d6 5.Be3 Nf6 6.Qd2 Bg4 7.Be2 O-O 8.O-O Nbd7
9.h3 Bxf3 10.Bxf3 Qc7 11.Be2 b5 12.Bd3 e5 13.Ne2 Rfe8 14.f3 a6 15.c4 exd4
16.Nxd4 bxc4 17.Bxc4 d5 18.exd5 cxd5 19.Bb3 Ne5 20.Bf2 Nc4 21.Bxc4 dxc4 22.Rfe1 Red8
23.Rac1 Rac8 24.Qb4 Nd5 25.Qa3 Nf4 26.Ne2 Nd3 27.Qxa6 Nxc1 28.Rxc1 Bxb2 29.Rf1 c3
30.Qb5 Rb8 31.Qg5 c2 32.Nc1 Rd1 33.Be3 Qc4  0-1

[Event "Yuzhny Open"]
[Site "Yuzhny UKR"]
[Date "2011.09.05"]
[Round "5.21"]
[White "Stasenko,J"]
[Black "Polishchuk,O"]
[Result "1-0"]
[WhiteElo "1965"]
[BlackElo "2173"]

1.e4 g6 2.d4 Bg7 3.Nc3 c6 4.f3 d5 5.Be3 dxe4 6.fxe4 Nf6 7.h3 Qb6 8.Qc1 Nh5
9.Nge2 O-O 10.g4 Nf6 11.Bg2 h5 12.e5 Nd5 13.Nxd5 cxd5 14.gxh5 Nc6 15.hxg6 fxg6
16.Bxd5+ Kh7 17.c3 Bf5 18.Ng3 Qb5 19.c4 Qb6 20.Nxf5 gxf5 21.Qd1 Bh6 22.Bxh6 Kxh6
23.Qd2+ f4 24.O-O-O Nb4 25.Rhg1 Nxd5 26.cxd5 Qc7+ 27.Kb1 Qd7 28.Rg4 Qf5+
29.Ka1 Rac8 30.Rh4+ Kg5 31.Qf2 Qd3 32.Rg1+ Qg3 33.Rxg3+ fxg3 34.Qxg3+  1-0

[Event "Yuzhny Open"]
[Site "Yuzhny UKR"]
[Date "2011.09.07"]
[Round "7.16"]
[White "Varchenko,G"]
[Black "Andrenko,I"]
[Result "1-0"]
[WhiteElo "2111"]
[BlackElo "2231"]

1.e4 g6 2.d4 Bg7 3.Nc3 c6 4.a4 d6 5.Be3 Nf6 6.h3 O-O 7.Bd3 e5 8.dxe5 dxe5
9.Nf3 Qe7 10.O-O Nbd7 11.Qe2 Nc5 12.Nd2 Nh5 13.Bc4 Ne6 14.Bxe6 Bxe6 15.Rfd1 Nf4
16.Qf1 f5 17.Nf3 fxe4 18.Nd2 Qh4 19.Ncxe4 Rad8 20.Kh2 Qh5 21.Ng3 Qh6 22.Nde4 g5
23.f3 g4 24.fxg4 Bxg4 25.Rxd8 Rxd8 26.Bxa7 Kh8 27.Be3 Rg8 28.a5 Qh4 29.Bxf4 exf4
30.Qxf4 Bxb2 31.Rb1 Bd4 32.Rxb7 Qd8 33.Nd6  1-0

[Event "TCh-POL 1st League"]
[Site "Mrzezyno POL"]
[Date "2011.09.08"]
[Round "6"]
[White "Hnydiuk,A"]
[Black "Wieczorek,Z"]
[Result "1/2-1/2"]
[WhiteElo "2412"]
[BlackElo "2318"]

1.e4 g6 2.d4 Bg7 3.Nc3 c6 4.f4 d5 5.e5 f6 6.h4 h5 7.Bd3 Kf7 8.exf6 Bxf6 9.Be3 Nh6
10.Qd2 Bg4 11.Be2 Nf5 12.Bf2 e6 13.g3 Nd7 14.Nf3 Bxf3 15.Bxf3 Be7 16.Nb1 Nf6
17.c3 Qb6 18.O-O c5 19.dxc5 Bxc5 20.Bxc5 Qxc5+ 21.Qf2 b6 22.Qxc5 bxc5 23.Kf2 Rab8
24.b3 Rhd8 25.Nd2 Rd6 26.Rac1 a5 27.Rfe1 a4 28.Be2 axb3 29.axb3 Ne4+ 30.Nxe4 dxe4
31.Bc4 Rd2+ 32.Re2 Rxe2+ 33.Kxe2 Nxg3+ 34.Ke3 Kf6 35.Ra1 Rb6 36.Ra8 Rc6 37.Rf8+ Kg7
38.Rb8 Kf6 39.Rf8+ Kg7 40.Rb8 Kf6 41.Rf8+  1/2-1/2

[Event "Yuzhny Open"]
[Site "Yuzhny UKR"]
[Date "2011.09.08"]
[Round "9.8"]
[White "Fish,Alexander"]
[Black "Polishchuk,O"]
[Result "0-1"]
[WhiteElo "2098"]
[BlackElo "2173"]

1.d4 g6 2.e4 Bg7 3.Nc3 c6 4.Bc4 e6 5.e5 d5 6.exd6 Qxd6 7.Nf3 Nf6 8.O-O O-O
9.Ne2 Nbd7 10.Bf4 Qb4 11.Bb3 Qb6 12.c3 c5 13.Qc1 a5 14.Ba4 Qa6 15.c4 cxd4
16.Nexd4 Nc5 17.Bb5 Qb6 18.Qc2 Bd7 19.Rac1 Ng4 20.Bxd7 Nxd7 21.c5 Qa6 22.Bd6 Rfc8
23.Qa4 Nge5 24.Nxe5 Nxe5 25.Rfd1 Nd3 26.Rc2 Nb4 27.Rcd2 Nd5 28.a3 h5 29.Qc2 Bxd4
30.Rxd4 Qxd6  0-1

[Event "ch-Euro Youth b18"]
[Site "Albena BUL"]
[Date "2011.09.17"]
[Round "6.28"]
[White "Danov,Lyubomir"]
[Black "Obrusnik,M"]
[Result "0-1"]
[WhiteElo "2049"]
[BlackElo "2249"]

1.e4 g6 2.d4 Bg7 3.Nc3 c6 4.Nf3 d6 5.Be2 Nf6 6.O-O O-O 7.a4 Qc7 8.Be3 e5
9.dxe5 dxe5 10.h3 Nh5 11.Re1 Nf4 12.Bf1 Ne6 13.Qc1 a5 14.Bh6 Na6 15.Bxg7 Kxg7
16.Ne2 f6 17.Rd1 Nec5 18.Ng3 Be6 19.Be2 Nb4 20.Nh2 Rad8 21.Re1 Qd6 22.Nhf1 Qe7
23.Bf3 Rd7 24.b3 Rfd8 25.Qb2 Kg8 26.Ne3 Bf7 27.Rad1 Rxd1 28.Rxd1 Rxd1+ 29.Bxd1 Qd6
30.Qc1 h5 31.f3 Na2 32.Qb2 Qd4 33.Qxd4 exd4 34.Nef1 Nc3  0-1

[Event "Caissa IM Sept 2011"]
[Site "Kecskemet HUN"]
[Date "2011.09.17"]
[Round "1.2"]
[White "Heredia Serrano,C"]
[Black "Bhakti,K"]
[Result "1-0"]
[WhiteElo "2090"]
[BlackElo "2289"]

1.e4 g6 2.d4 Bg7 3.Nc3 c6 4.Be3 d5 5.e5 Nh6 6.Qd2 Nf5 7.Nge2 Nxe3 8.Qxe3 Na6
9.O-O-O b5 10.Ng3 h5 11.h4 Bh6 12.f4 Qa5 13.Kb1 Bg4 14.e6 Bxe6 15.Qe5 Kd7
16.Bd3 Qc7 17.Nxb5 Qxe5 18.fxe5 Bg4 19.Ne2 Nb4 20.Nbc3 Nxd3 21.Rxd3 f6 22.exf6 exf6
23.Rf1 Rhe8 24.Nc1 f5 25.Nb3 Re7 26.Nc5+ Kd6 27.a3 Rae8 28.Ka2 Re1 29.Rxe1 Rxe1
30.b4 f4 31.b5 Bf5 32.bxc6 Bxd3 33.Nxd3 Re3 34.c7 Re8 35.Nb5+ Kd7 36.Ne5+ Ke6
37.Nxa7 Bg7 38.c8=Q+ Rxc8 39.Nxc8 Bxe5 40.dxe5 g5 41.hxg5 h4 42.g6 h3 43.gxh3 f3
44.g7 Kf7 45.Nd6+  1-0

[Event "ch-Euro Youth b16"]
[Site "Albena BUL"]
[Date "2011.09.19"]
[Round "8.7"]
[White "Usmanov,V"]
[Black "Iskandarov,M"]
[Result "1-0"]
[WhiteElo "2238"]
[BlackElo "2300"]

1.e4 g6 2.d4 Bg7 3.Nc3 c6 4.g3 b5 5.e5 d6 6.exd6 Qxd6 7.Bf4 Qb4 8.a3 Qa5
9.Bg2 Bb7 10.Ne2 Nf6 11.O-O O-O 12.Nc1 Qb6 13.Nb3 Nbd7 14.a4 a6 15.Qe2 Rfe8
16.Rfe1 Nh5 17.Be3 Qc7 18.f4 Nhf6 19.a5 e6 20.Bd2 Bf8 21.Ne4 Nxe4 22.Qxe4 Rab8
23.Qe2 c5 24.Bxb7 Rxb7 25.dxc5 Nxc5 26.Nxc5 Bxc5+ 27.Kg2 Bd4 28.c3 Bf6 29.Be3 Qc6+
30.Qf3 Qxf3+ 31.Kxf3 Rd8 32.Red1 Rbd7 33.Rxd7 Rxd7 34.Rc1 Rb7 35.Bb6 Kf8
36.b3 Rb8 37.c4 Rc8 38.c5 Rc6 39.Rd1 Ke8 40.Ke4 Be7 41.h3 h6 42.g4 Rc8 43.Rd3 Rc6
44.Rd1 Rc8 45.f5 exf5+ 46.gxf5 Rc6 47.b4 Rf6 48.fxg6 Rxg6 49.Bc7 Rg2 50.Bd6 Rb2
51.Kd5 Kd8 52.Bxe7+ Kxe7 53.Kc6  1-0

[Event "4th Mumbai Mayors Cup"]
[Site "Mumbai IND"]
[Date "2011.09.20"]
[Round "7"]
[White "Shyam,N"]
[Black "Murshed,N"]
[Result "1/2-1/2"]
[WhiteElo "2418"]
[BlackElo "2442"]

1.e4 g6 2.d4 Bg7 3.Nc3 c6 4.Nf3 d6 5.h3 Nf6 6.Bg5 O-O 7.Qd2 Nbd7 8.Bh6 Qa5
9.Bxg7 Kxg7 10.Be2 e5 11.O-O Qb6 12.b3 Re8 13.Rad1 exd4 14.Qxd4 Qxd4 15.Rxd4 Nb6
16.Rxd6  1/2-1/2

[Event "Sub-Zonal 2.3.4 2011"]
[Site "Pereira COL"]
[Date "2011.09.24"]
[Round "2"]
[White "Rios,Al"]
[Black "Castano,D"]
[Result "1/2-1/2"]
[WhiteElo "2362"]
[BlackElo "2362"]

1.e4 g6 2.d4 Bg7 3.Nc3 c6 4.Bc4 d6 5.Nge2 Nf6 6.Bb3 O-O 7.f3 Nbd7 8.Bg5 b5
9.Qd2 Re8 10.Bh6 Bh8 11.h4 a5 12.a4 b4 13.Nd1 c5 14.h5 Ba6 15.hxg6 hxg6 16.Ne3 Rc8
17.c3 Qb6 18.Rb1 c4 19.Bc2 b3 20.Bd1 e5 21.Bg5 Bb7 22.d5 Ba6 23.Kf1 Nh7 24.Bh4 Nc5
25.Ng4 Bg7 26.Bf2 Rf8 27.Nh6+ Kh8 28.g4 Qd8 29.Bxc5 Rxc5 30.Ng3 Qf6 31.g5 Bxh6
32.Rxh6 Qg7 33.Kg2 f6 34.gxf6 Rxf6 35.Be2 Rc7 36.Rbh1 Qf8 37.Qg5 Rg7 38.Nf1 Kg8
39.Qg3 Qe8 40.Ne3 Qxa4 41.Ng4 Rf4 42.Qh2 Qd7 43.Rh4 Kh8 44.Rh6 a4 45.Ne3 a3
46.bxa3 Rf8 47.Bxc4 Bxc4 48.Nxc4 Rb8 49.Nxe5 Qc7 50.Nxg6+ Kg8 51.Qh3 Qf7
52.Qe6 b2 53.Rb1 Re8 54.Qxd6 Qb7 55.Kf2 Qb3 56.Qc6 Qc2+ 57.Ke3 Qc1+ 58.Kd4 Rd8
59.Qe6+ Rf7 60.Rh1 Qd2+ 61.Kc4 Qe2+ 62.Kd4 Qd2+  1/2-1/2

[Event "Campomanes Mem GM"]
[Site "Yangon MYA"]
[Date "2011.09.24"]
[Round "5"]
[White "Myo Naing"]
[Black "Mok Tze Meng"]
[Result "1/2-1/2"]
[WhiteElo "2317"]
[BlackElo "2363"]

1.e4 g6 2.d4 Bg7 3.Nc3 c6 4.Bc4 d6 5.Qf3 e6 6.Nge2 Qe7 7.a4 Nd7 8.Be3 e5
9.Bb3 Ngf6 10.Rd1 O-O 11.h3 exd4 12.Bxd4 Nc5 13.Bxc5 dxc5 14.O-O Be6 15.Bxe6 Qxe6
16.Nf4 Qe7 17.Rfe1 Nd7 18.Nb1 Rad8 19.b3 Ne5 20.Qe3 c4 21.Ne2 cxb3 22.cxb3 Qb4
23.Nc1 Qb6 24.Qxb6 axb6 25.f4 Nd7 26.Nd3 Bd4+ 27.Kf1 Nc5 28.Nxc5 Bxc5 29.Ke2 Rfe8
30.Rxd8 Rxd8 31.Rd1 Rxd1 32.Kxd1 Be3 33.g3 Bf2 34.g4 Bg3 35.f5 Kg7 36.Ke2 Kf6
37.Kf3 Bc7 38.Nd2 Kg5 39.Nc4 Kf6 40.Ke3 Kg5 41.Kf3  1/2-1/2

[Event "TCh-HUN 2011-12"]
[Site "Zalaegerszeg HUN"]
[Date "2011.09.25"]
[Round "1"]
[White "Gara,T"]
[Black "Dobos,J"]
[Result "1-0"]
[WhiteElo "2375"]
[BlackElo "2272"]

1.e4 g6 2.d4 Bg7 3.Nc3 c6 4.Nf3 d6 5.Be2 b5 6.a3 a6 7.O-O Nd7 8.Bg5 Qc7 9.Qd2 e5
10.Rad1 Bb7 11.h3 Ngf6 12.Rfe1 O-O 13.dxe5 dxe5 14.Qd6 Qxd6 15.Rxd6 Rfe8
16.Red1 Re7 17.Nd2 h6 18.Bxf6 Nxf6 19.Nb3 Rc7 20.Na5 Rac8 21.f3 Ba8 22.Kf2 Kf8
23.Na2 Ke7 24.Nb4 Ne8 25.R6d3 Ra7 26.Rd8 Rcc7 27.Rb8 Nd6 28.Rb6 Nc8 29.Naxc6+ Bxc6
30.Rxc6 Ke8 31.Rxa6 Rab7 32.Ra5 Na7 33.Rxa7 Rxa7 34.Bxb5+  1-0

[Event "Tatry Open"]
[Site "Tatranske Zruby SVK"]
[Date "2011.09.26"]
[Round "2.3"]
[White "Talla,V"]
[Black "Petran,Pe"]
[Result "1/2-1/2"]
[WhiteElo "2399"]
[BlackElo "2297"]

1.e4 g6 2.d4 Bg7 3.Nc3 c6 4.f4 d5 5.e5 Nh6 6.Be3 O-O 7.Nf3 Bg4 8.Be2 f6 9.h3 Nf5
10.Bf2 Bxf3 11.Bxf3 fxe5 12.fxe5 e6 13.O-O Nd7 14.Ne2 c5 15.c3 Bh6 16.Bg4 Qe7
17.Qb3 b6 18.c4 dxc4 19.Qxc4 Rae8 20.dxc5 bxc5 21.Kh1 Rf7 22.Rae1 Nxe5 23.Qc3 Nd7
24.Ng3 Bg7 25.Qb3 Ne5 26.Be2 Nd4 27.Bxd4 cxd4 28.Ne4 Ref8 29.Rxf7 Rxf7 30.Rf1 Rxf1+
31.Bxf1 h6 32.g3 Kh7 33.Nf2 Qf6 34.Kg2 Qf5 35.Be2 h5 36.Qd1 h4 37.Qxd4 Nf3
38.Qe4 hxg3 39.Bxf3 gxf2 40.Qh4+ Kg8 41.Qxf2  1/2-1/2

[Event "Tatry Open"]
[Site "Tatranske Zruby SVK"]
[Date "2011.09.26"]
[Round "2.22"]
[White "Stalmach,K"]
[Black "Boguszlavszkij,J"]
[Result "0-1"]
[WhiteElo "2074"]
[BlackElo "2240"]

1.e4 g6 2.d4 Bg7 3.Nc3 c6 4.Be3 d5 5.Qd2 dxe4 6.Nxe4 Nd7 7.Nf3 Ngf6 8.Nxf6+ Nxf6
9.c3 Bf5 10.Bd3 Bxd3 11.Qxd3 O-O 12.O-O Qc7 13.Rfe1 Rfe8 14.Rad1 Rad8 15.Qc2 b5
16.Bg5 Nd5 17.Bh4 Rc8 18.Bg3 Qd7 19.Be5 Bh6 20.Qe4 f6 21.Bg3 Nb6 22.h4 Qd5
23.Qc2 a5 24.b3 c5 25.dxc5 Qxc5 26.Qe4 e5 27.h5 Qc6 28.Qxc6 Rxc6 29.hxg6 hxg6
30.Nd4 Rc5 31.b4 axb4 32.cxb4 Rd5 33.Nc6 Kf7 34.Rxd5 Nxd5 35.Na7 Nc3 36.Nc6 Rc8
37.Bxe5 Rxc6  0-1

[Event "ch-HUN w 2011"]
[Site "Szeged HUN"]
[Date "2011.09.27"]
[Round "1"]
[White "Schneider,Ve"]
[Black "Gara,A"]
[Result "0-1"]
[WhiteElo "2297"]
[BlackElo "2340"]

1.e4 g6 2.d4 Bg7 3.Nc3 c6 4.h3 d5 5.Nf3 Nf6 6.e5 Ne4 7.Nxe4 dxe4 8.Ng5 c5
9.Bb5+ Nc6 10.c3 O-O 11.O-O cxd4 12.Bxc6 bxc6 13.Qxd4 Qc7 14.Bf4 Bf5 15.g4 Rad8
16.Qc4 Bc8 17.Qxe4 Qb6 18.b4 c5 19.Rfd1 h6 20.bxc5 Qxc5 21.Nf3 Qxc3 22.Rac1 Rxd1+
23.Rxd1 f5 24.gxf5 Bxf5 25.Qe3 Qxe3 26.Bxe3 Bxh3 27.Nd4 Bxe5 28.Bxh6 Rc8
29.Be3 Rc4 30.f4 Bf6 31.Kh2 Bg4 32.Rd3 Kf7 33.Kg3 Bc8 34.Nf3 Ra4 35.a3 Bf5
36.Rb3 Be6 37.Rd3 Bc4 38.Rd7 Rxa3 39.Kf2 Ra2+ 40.Kg3 Ra3 41.Kf2 a5 42.Bc5 Ra2+
43.Kg3 Ke6 44.Rc7 Bd5 45.Ne5 Rc2 46.Kh3 Kf5 47.Nd7 Bd4 48.Ra7 Bc3  0-1

[Event "Campomanes Mem GM"]
[Site "Yangon MYA"]
[Date "2011.09.27"]
[Round "10"]
[White "Mynn Htoo"]
[Black "Mok Tze Meng"]
[Result "0-1"]
[WhiteElo "2327"]
[BlackElo "2363"]

1.d4 g6 2.e4 Bg7 3.Nc3 c6 4.Be3 d5 5.Qd2 Nf6 6.e5 Ng4 7.Bf4 f6 8.exf6 Nxf6
9.Bh6 O-O 10.Bxg7 Kxg7 11.f4 b5 12.Bd3 Bf5 13.Nf3 Qd6 14.O-O Nbd7 15.Rae1 Rae8
16.Re5 Ng4 17.Bxf5 gxf5 18.Nh4 e6 19.h3 Ngxe5 20.fxe5 Qe7 21.Qf4 Kh8 22.Ne2 Rg8
23.Rf3 c5 24.c3 cxd4 25.cxd4 Rg5 26.Ra3 Reg8 27.Rxa7 Rh5 28.Qf2 Rxh4 29.Rxd7 Qg5
30.Kh2 Re4 31.Ng1 Rxd4 32.Nf3 Qf4+ 33.g3 Rd2  0-1

[Event "Tatry Open"]
[Site "Tatranske Zruby SVK"]
[Date "2011.09.29"]
[Round "6.17"]
[White "Navratil,Ji3"]
[Black "Boguszlavszkij,J"]
[Result "1-0"]
[WhiteElo "2047"]
[BlackElo "2240"]

1.e4 g6 2.d4 Bg7 3.Nc3 c6 4.Nf3 d5 5.h3 dxe4 6.Nxe4 Nd7 7.Bc4 Ngf6 8.Nxf6+ Nxf6
9.O-O O-O 10.Re1 c5 11.Bg5 cxd4 12.Nxd4 a6 13.c3 b5 14.Qf3 Bd7 15.Bb3 h6
16.Bf4 e6 17.Rad1 Qc8 18.Bxh6 Bxh6 19.Qxf6 Bg7 20.Qh4 Qd8 21.Qg3 Qb6 22.Nf5 gxf5
23.Rxd7 Rfe8 24.Qg5 Rad8 25.Rxe6 Rxe6 26.Rxd8+ Kh7 27.Qxf5+ Rg6 28.Bxf7  1-0

[Event "Tatry Open"]
[Site "Tatranske Zruby SVK"]
[Date "2011.09.30"]
[Round "7.19"]
[White "Kucera,M"]
[Black "Sejkora,V"]
[Result "0-1"]
[WhiteElo "1979"]
[BlackElo "2221"]

1.e4 g6 2.d4 Bg7 3.Nc3 c6 4.Be3 d5 5.e5 h5 6.f4 Bf5 7.Nf3 e6 8.Be2 Nd7 9.Ng5 Qe7
10.Qd2 b5 11.a3 Nb6 12.b3 Nh6 13.h3 a6 14.Nd1 f6 15.exf6 Bxf6 16.Nf2 h4 17.c3 Nd7
18.O-O Rc8 19.a4 O-O 20.Ra2 Nb8 21.Nf3 Kg7 22.Ne1 Rfd8 23.Ned3 Nf7 24.Rfa1 Rc7
25.Nc5 Nd6 26.axb5 axb5 27.Bf3 Nd7 28.b4 Nc4 29.Qc1 Nxc5 30.bxc5 Rdd7 31.Be2 Nxe3
32.Qxe3 Ra7 33.Qd2 Rdb7 34.Ng4 Rxa2 35.Qxa2 Bxg4 36.hxg4 g5 37.Qa6 b4 38.fxg5 Bxg5
39.Rb1 Ra7 40.Qxc6 bxc3 41.Bd3 Be3+ 42.Kh2 Bxd4 43.Re1 Qc7+ 44.Qxc7+ Rxc7
45.Rxe6 Bxc5 46.g3 Kf7 47.Rh6 Bf8 48.Rh7+ Bg7 49.Rh5 c2  0-1

[Event "Belgrade Premier League 2011"]
[Site "Belgrade SRB"]
[Date "2011.10.03"]
[Round "3.6"]
[White "Sarenac,D"]
[Black "Tatisic,M"]
[Result "1-0"]
[WhiteElo "2273"]
[BlackElo "2211"]

1.e4 g6 2.d4 Bg7 3.Nc3 c6 4.Be3 d5 5.h3 dxe4 6.Nxe4 Nd7 7.Nf3 Ngf6 8.Nc3 Nb6
9.Be2 O-O 10.O-O Be6 11.b3 h6 12.Re1 Qc8 13.Ne5 Rd8 14.Qc1 Kh7 15.Qa3 Nfd5
16.Nxd5 Nxd5 17.Nd3 Nxe3 18.fxe3 Bf6 19.Rf1 Qc7 20.Nf4 Bf5 21.Bd3 Bxd3 22.Nxd3 Kg7
23.Rf2 Rd5 24.Raf1 Rf8 25.c3 b6 26.b4 Bh4 27.Rf3 Rg5 28.Qb3 e6 29.e4 Rg3
30.Qd1 Rxf3 31.Qxf3 Be7 32.Qg4 h5 33.Qe2 c5 34.bxc5 bxc5 35.Qe3 c4 36.Nf4 Qa5
37.Rf2 Bg5 38.e5 Bxf4 39.Rxf4 Qxa2 40.d5 Qb1+ 41.Kh2 exd5 42.Qxa7 Kg8 43.Qc5 Qc1
44.Rf3 Qd2 45.e6 Qg5 46.Qd6 h4 47.exf7+ Rxf7 48.Qe6 Qe7 49.Qxd5 Kf8 50.Rxf7+ Qxf7
51.Qd8+ Kg7 52.Qxh4 Qe6 53.Qd4+ Kh7 54.h4 Qe2 55.Qf6 Qe8 56.Kh3 Qd7+ 57.Kg3 Qd3+
58.Kh2 Qd7 59.Qe5 Qf7 60.Kg3 Qd7 61.h5 Qd3+ 62.Kh4 Qf1 63.Qe7+ Kg8 64.Qe8+ Kg7
65.Qxg6+ Kh8 66.Qe8+ Kg7 67.Qe5+ Kh7 68.Qe4+ Kh8 69.Kg5 Qf7 70.Qe5+ Kg8 71.h6  1-0

[Event "Nona Gaprindashvili Jubilee"]
[Site "Moscow RUS"]
[Date "2011.10.05"]
[Round "2"]
[White "Erenska Barlo,H"]
[Black "Khmiadashvili,T"]
[Result "0-1"]
[WhiteElo "2241"]
[BlackElo "2166"]

1.e4 c6 2.d4 g6 3.Nc3 Bg7 4.Nf3 d6 5.Be2 Nf6 6.O-O O-O 7.Re1 Qc7 8.h3 e5
9.Bg5 h6 10.Be3 Re8 11.dxe5 dxe5 12.a4 Be6 13.a5 Nbd7 14.Qc1 Kh7 15.b4 a6
16.Qb2 Nh5 17.Rad1 Nf4 18.Bf1 g5 19.Nh2 h5 20.f3 c5 21.b5 Qxa5 22.bxa6 bxa6
23.Ra1 Qb4 24.Na4 Reb8 25.Qc3 Qxc3 26.Nxc3 c4 27.Red1 Rb7 28.Rd6 a5 29.Na4 Rab8
30.Rdd1 Bf8 31.g3 Ng6 32.Bxg5 Nc5 33.Nc3 Ra8 34.Nd5 Bxd5 35.Rxd5 c3 36.Be3 Rc7
37.Bc1 a4 38.Ba3 Ne6 39.Bd3 Bc5+ 40.Kg2 Bd4 41.Kf1 h4 42.Kg2 hxg3 43.Kxg3 Ngf4
44.Rb5 Nxd3 45.cxd3 c2 46.Rf1 Be3 47.Bc1 Bxc1 48.Rxc1 Nd4 49.Kg2  0-1

[Event "TCh-SWE 2011-12"]
[Site "Malmo SWE"]
[Date "2011.10.08"]
[Round "2"]
[White "Welin,M"]
[Black "Petrov,Marij"]
[Result "1/2-1/2"]
[WhiteElo "2251"]
[BlackElo "2537"]

1.e4 g6 2.d4 Bg7 3.Nc3 c6 4.Nf3 d6 5.h3 Nf6 6.a4 O-O 7.Be3 Nbd7 8.a5 e5 9.dxe5 dxe5
10.Qd6 Ne8 11.Qa3 Nc7 12.Bc4 a6 13.Qd6 Nb5 14.Qd3 Qe7 15.Na4 h6 16.O-O Kh7
17.Nd2 f5 18.f3 f4 19.Bf2 Rd8 20.c3 Nb6 21.Qxd8 Qxd8 22.Nxb6 Rb8 23.Rfd1 Qg5
24.Kf1 Bf8 25.Nb3 Nd6 26.Be2 Be6 27.Nc5 Qe7 28.Rd2 Rd8 29.Rad1 Kg7 30.Nxe6+ Qxe6
31.Bc4 Qf6 32.Bb3 h5 33.Na4 Be7 34.Bb6 Re8 35.Nc5 Nc8 36.Nd7 Qg5 37.Bf2 Bf8
38.Nxf8 Rxf8 39.Rd7+ Kh6 40.Rxb7 Rd8 41.Rdd7 Rxd7 42.Rxd7 Qf6 43.Bc5 g5 44.Bc4 g4
45.Bxa6 Qe6 46.Bf8+ Kg5 47.Bxc8 Qc4+ 48.Ke1 Kh4 49.Kf2 g3+ 50.Ke1 Kg5 51.Rd6 Qf7
52.Bh6+ Kh4 53.Re6 Qa7 54.Rg6 Qg1+ 55.Kd2 Qxg2+ 56.Kc1 Qf1+ 57.Kc2 Qe2+ 58.Kb1 Qd1+  1/2-1/2

[Event "TCh-MNE 1st League"]
[Site "Tivat MNE"]
[Date "2011.10.09"]
[Round "2.2"]
[White "Roganovic,Milo"]
[Black "Raicevic,M"]
[Result "1-0"]
[WhiteElo "2480"]
[BlackElo "2379"]

1.e4 g6 2.d4 Bg7 3.Nc3 c6 4.Be3 d5 5.Qd2 dxe4 6.Nxe4 Nd7 7.Ne2 Ngf6 8.N2g3 h5
9.h4 Nd5 10.Bg5 f6 11.Be3 Nxe3 12.fxe3 Qc7 13.Qf2 Nb6 14.Bd3 O-O 15.O-O f5
16.Ng5 e5 17.c3 c5 18.Ne2 cxd4 19.exd4 Qd6 20.Bc2 exd4 21.Bb3+ Kh8 22.Rad1 Qf6
23.Rxd4 Bh6 24.Qg3 Bxg5 25.hxg5 Qe7 26.Nf4 Kh7 27.Re1 Qc5 28.Nxh5 gxh5 29.g6+ Kg7
30.Qg5 Rf6 31.Qxh5 Rxg6 32.Re8 Be6 33.Qh8+ Kf7 34.Bxe6+ Rxe6 35.Qg8+ Kf6
36.Rxe6+  1-0

[Event "II Oliver Gonzalez Memorial"]
[Site "Madrid ESP"]
[Date "2011.10.13"]
[Round "6.21"]
[White "Pablos Tenrero,R"]
[Black "Madina Yadarola,M1"]
[Result "1/2-1/2"]
[WhiteElo "1947"]
[BlackElo "2269"]

1.e4 g6 2.d4 Bg7 3.Nc3 c6 4.h3 d6 5.g3 Nd7 6.Bg2 e5 7.dxe5 dxe5 8.Nf3 Qc7
9.O-O Ngf6 10.Be3 b5 11.a3 O-O 12.Qe2 a5 13.b4 Nb6 14.Nd2 Be6 15.Rfd1 Rfd8
16.Qf3 Nfd7 17.g4 Bf8 18.Bg5 Re8 19.Rab1 Bd6 20.h4 f6 21.Be3 Be7 22.Qg3 Rf8
23.Bh3 axb4 24.axb4 Ra3 25.Ne2 Kh8 26.Qg2 Ra2 27.c3 Na4 28.Ra1 Rc2 29.Rdc1 Rxc1+
30.Rxc1 c5 31.c4 bxc4 32.Nxc4 cxb4 33.Nb6 Nc3 34.Nxc3 bxc3 35.Nxd7 Bxd7 36.g5 f5
37.exf5 gxf5 38.Qd5 Ba3 39.Ra1 Qd6 40.Qxd6 Bxd6 41.Rd1 f4 42.Bc1 Bxh3 43.Rxd6 Rc8
44.Rd5 c2 45.Kh2 Bf1 46.Rxe5 f3 47.h5 Kg8 48.Kg3 Be2 49.Re7 Rb8 50.Rc7 Bd3
51.Be3 Re8  1/2-1/2

[Event "49th ch-IND NatA"]
[Site "Aurangabad IND"]
[Date "2011.10.14"]
[Round "6"]
[White "Soumya,Sw"]
[Black "Himanshu,Sh"]
[Result "0-1"]
[WhiteElo "2318"]
[BlackElo "2421"]

1.e4 g6 2.d4 Bg7 3.Nc3 c6 4.f4 d5 5.e5 Nh6 6.Nf3 O-O 7.Be3 Qb6 8.Na4 Qa5+
9.c3 Nd7 10.b4 Qc7 11.Be2 b5 12.Nb2 a5 13.a3 Nb6 14.h3 f6 15.g4 Nf7 16.Nd3 Nc4
17.Bf2 g5 18.Nc5 gxf4 19.Bxc4 bxc4 20.exf6 exf6 21.Qd2 axb4 22.cxb4 Ng5 23.Nxg5 fxg5
24.Qc3 Qe7+ 25.Kd2 h5 26.Qf3 Bf6 27.Rhe1 Qg7 28.Kc3 Be7 29.Kd2 Rb8 30.Ne6 Bxe6
31.Rxe6 Rf6 32.Rxc6 Rd8 33.Rxf6 Bxf6 34.Kc3 Qd7 35.a4 h4 36.b5 Ra8 37.Qe2 Kf7
38.Qc2 Kg7 39.Qf5 Qd8 40.Kc2 Qe7 41.Kc3 Qe2 42.Qd7+ Kh8 43.Qd6 Qd3+ 44.Kb4 Bg7  0-1

[Event "TCh-MNE 1st League"]
[Site "Tivat MNE"]
[Date "2011.10.14"]
[Round "7.5"]
[White "Ceranic,M"]
[Black "Balic,A"]
[Result "1-0"]
[WhiteElo "2178"]
[BlackElo "2063"]

1.e4 c6 2.d4 g6 3.Nc3 Bg7 4.Bc4 Nh6 5.f3 O-O 6.Be3 b5 7.Bb3 Kh8 8.h4 e6 9.Qd2 Ng8
10.h5 a5 11.hxg6 fxg6 12.a4 b4 13.Nce2 e5 14.d5 d6 15.dxc6 Qc7 16.O-O-O Rd8
17.g4 Nxc6 18.Nh3 Bf6 19.Ng5 Bxg5 20.Bxg5 Rd7 21.Be6 Rg7 22.Bxg8 Kxg8 23.Qxd6 Qxd6
24.Rxd6 Rc7 25.Bd8 Nxd8 26.Rxd8+ Kg7 27.g5 b3 28.Nc3 Ra6 29.cxb3 Be6 30.Rb8 Rf7
31.Rf1 Bg4 32.Kd2 h6 33.Ke2 Bh5 34.gxh6+ Kxh6 35.Rb5 Raf6 36.Rxe5 Bxf3+ 37.Ke3 g5
38.Nd5 g4 39.Nxf6 Rxf6 40.Rxa5 Re6 41.Rxf3  1-0

[Event "1st Central Asia Cup"]
[Site "Tashkent UZB"]
[Date "2011.10.18"]
[Round "1.12"]
[White "Shaymuratov,I"]
[Black "Isaev,J"]
[Result "0-1"]
[WhiteElo "2197"]
[BlackElo "2385"]

1.e4 g6 2.d4 Bg7 3.Nc3 c6 4.f4 d5 5.Nf3 Bg4 6.e5 Nh6 7.h3 Bxf3 8.Qxf3 Nf5
9.Ne2 e6 10.g4 Ne7 11.Ng3 c5 12.Qb3 Nbc6 13.dxc5 Qa5+ 14.Qc3 Qxc3+ 15.bxc3 f6
16.exf6 Bxf6 17.Ne2 Bh4+ 18.Kd1 Bf2 19.Rb1 O-O-O 20.Ba3 Rhf8 21.Kd2 Na5 22.Nd4 Bxd4
23.cxd4 Rxf4 24.Ke3 Rdf8 25.Be2 Re4+ 26.Kd3 Nc4 27.Bc1 Rf2 28.Re1 Rh2 29.c3 Rxh3+
30.Kc2 Nc6 31.Bxc4 Rxe1 32.Bd3 Rh2+ 33.Kb3 Na5+ 34.Ka3 Rh3  0-1

[Event "12th Liberec Open"]
[Site "Liberec CZE"]
[Date "2011.10.28"]
[Round "8"]
[White "Mickiewicz,P"]
[Black "Karhanek,P"]
[Result "0-1"]
[WhiteElo "2386"]
[BlackElo "2155"]

1.e4 g6 2.d4 Bg7 3.Nc3 c6 4.Nf3 d5 5.h3 Nf6 6.e5 Nfd7 7.Bf4 e6 8.Qd2 h6 9.O-O-O b6
10.h4 a6 11.h5 g5 12.Be3 c5 13.dxc5 Nxc5 14.b4 Nb7 15.Na4 Nd7 16.Bd4 b5 17.Nc3 Qe7
18.a3 Nd8 19.Re1 Bb7 20.Bd3 Rc8 21.Nh2 Nc6 22.Nxd5 exd5 23.e6 fxe6 24.Bxg7 Qxg7
25.Rxe6+ Kd8 26.Kb1 Nce5 27.Re1 Rc6 28.Rxc6 Bxc6 29.Qc3 Qf6 30.Bf1 Rf8 31.Qe3 Qxf2
32.Qc1 Qf4 33.Qb2 Qxh2 34.Qd4 Qf4 35.Qd1 Nc4 36.Bd3 Qd2  0-1

[Event "TCh-HUN 2011-12"]
[Site "Budapest HUN"]
[Date "2011.10.30"]
[Round "2"]
[White "Medvegy,N"]
[Black "Dobos,J"]
[Result "1/2-1/2"]
[WhiteElo "2333"]
[BlackElo "2272"]

1.e4 g6 2.d4 Bg7 3.Nc3 c6 4.Be3 Qb6 5.Rb1 d6 6.h3 Nf6 7.Nf3 O-O 8.Bd3 Qc7
9.O-O Nbd7 10.Qd2 b5 11.Rfe1 a6 12.Bg5 e5 13.Bf1 Bb7 14.Rbd1 exd4 15.Qxd4 Nd5
16.Qd2  1/2-1/2

[Event "World Youth U16 Ol"]
[Site "Kocaeli TUR"]
[Date "2011.10.31"]
[Round "10.4"]
[White "Haring,V"]
[Black "Abeer,Ali"]
[Result "1-0"]
[WhiteElo "1964"]
[BlackElo "1623"]

1.e4 c6 2.d4 g6 3.Nc3 Bg7 4.f4 d5 5.e5 Nh6 6.Be3 O-O 7.h3 Nf5 8.Bf2 f6 9.Nf3 Nh6
10.Qd2 b6 11.g4 Nf7 12.Bd3 Qc7 13.Rg1 fxe5 14.dxe5 Nd8 15.h4 Bh6 16.Be3 Bd7
17.f5 Bxe3 18.Qxe3 Kg7 19.h5 Be8 20.hxg6 hxg6 21.Rh1 Rh8 22.f6+ exf6 23.exf6+  1-0

[Event "6th Kavalier Open"]
[Site "Vienna AUT"]
[Date "2011.10.31"]
[Round "6"]
[White "Kassel,W"]
[Black "Hirsch,Ad"]
[Result "0-1"]
[WhiteElo "1950"]
[BlackElo "2065"]

1.e4 g6 2.d4 Bg7 3.Nc3 c6 4.f4 d6 5.Nf3 Bg4 6.Be3 h5 7.Bc4 e6 8.h3 Bxf3 9.Qxf3 d5
10.Bb3 Nh6 11.O-O-O b5 12.exd5 exd5 13.Nxd5 Nf5 14.Qe4+ Kd7 15.Rhe1 Re8 16.Qd3 cxd5
17.Qxb5+ Nc6 18.Qxd5+ Kc7 19.Qxf7+ Re7 20.Qxg6 Nxe3 21.d5 Qd6 22.Qxd6+ Kxd6
23.Rxe3 Rxe3 24.dxc6+ Kc5 25.Rd5+ Kxc6 26.Rxh5 Rd8 27.Ba4+ Kb6 28.c3 Re1+
29.Kc2 Re2+ 30.Kb3 Rdd2 31.g4 Rxb2+ 32.Kc4 Re4+  0-1